Quizzes
Events
Quiz Creation
Community
Videos
Private Events
Remove Ads
Sign In
Join for FREE
Feedback
Dark Mode
Quiz Categories
Sports
Geography
Music
Movies
Television
Just For Fun
Miscellaneous
History
Literature
Language
Science
Gaming
Entertainment
Religion
Holiday
For Kids
Quiz Lab
Recent
Popular Today
Quiz Kudos Today
Editor Picks
Curator Picks
Quizzes by...
Day
Popularity
Type
Ratings
Length
Year
Community
Subscriptions
Recent Discussions
Orange Saloon
Badges
Playlists
Quests
Create
Leaderboards
Showdown
Live 5
Trivia Bingo
Activity
Puzzle Library
Sporcle Events
Private Events
Virtual Trivia
Globe League
Become a Host
Pub Owners
SporcleCon
Opinionation
Our Games
Videos
Blog
Mobile Apps
Partnerships
Remove Ads and Go Orange
Feedback
Television
TV Characters
TV Show
Sitcom
Network
Friends
Reality Shows
Cast
South Park
Star Trek
The Simpsons
Doctor Who
Television
TV Characters
TV Show
Sitcom
Network
Friends
Reality Shows
Cast
South Park
Star Trek
The Simpsons
Doctor Who
Random Quiz
Search Sporcle
×
Quiz Lab
Quiz Lab
Television
Anime
Type in answers that appear in a list
Type in answers that appear in a list
Classic
Best Score? Go Orange.
Green hair anime character Stats
Can you name the green haired anime character?
By
leami
10m
39 Questions
354 Plays
354 Plays
354 Plays
Comments
Comments
Give Quiz Kudos
Give Quiz Kudos
-
- Ratings
hide this ad
Replay
Link that replays current quiz
Next Quiz
Link to next quiz in quiz playlist
You Got
0%
They Got
Avg Score
13%
Avg Friend Score
Upgrade to see
Score Distribution
Jump to the score distribution portion of the page
Score
0/39
Timer
10:00
0
Plays Today
Show
Name
% Correct
One Piece
Roronoa Zoro
67.8%
Code Geass
C.C.
54.5%
Fairy Tail
Freed Justine
46%
Beelzebub
Kaiser Beelzebub IV
39.8%
Kuroko no Basuke
Shintarou Midorima
36.7%
Fairy Tail
Bisca Connell
32.5%
Akame ga Kill
Lubbock
31.4%
One Punch Man
Tatsumaki
25.6%
Blue Exorcist
Amaimon
25.1%
Sailor Moon
Sailor Neptune
24.3%
Fairy Tail *
Frosch
23.1%
When They Cry
Shion Sonozaki
19%
When They Cry
Mion Sonozaki
17.9%
Bleach
Nelliel Tu Odershvank
15.3%
One Piece
Bartolomeo the Cannibal
12.5%
Fairy Tail
Orga Nanagear
10.7%
Fairy Tail
Karen Lilica
10.2%
One Piece
Monet
9.6%
Mekakucity Actors
Tsubomi Kido
7%
One Piece
Camie
6.8%
Show
Name
% Correct
Bleach
Mashiro Kuna
6.2%
One Piece
Sugar
5.4%
One Piece
Boa Sandersonia
5.1%
Shuffle!
Asa Shigure
4.8%
Servamp
Sakuya Watanuki
4.7%
Fairy Tail
Arania Web
4%
Rave Master
Reina
4%
Lucky☆Star
Minami Iwasaki
3.7%
One Piece
Kozuki Hiyori
2.7%
One Piece
Cabaji the Acrobat
2.7%
One Piece
Sham
2.7%
One Piece
Sham
2.2%
One Piece
Fukuro
1.8%
Twin Star Exorcists
Mayura Otomi
1.5%
Nisemonogatari
Yotsugi Ononoki
1.5%
Aria the Animation
Alice Carroll
1.1%
One Piece
Charlotte Compote
0%
One Piece
Solitaire
0%
One Piece
Kokoro
0%
Quiz Playlist
Details
Report
Send in Message
Add To Playlist
Classic:
Type in answers that appear in a list
Last Updated: Oct 12, 2020
Quiz Scoreboard
CHALLENGE
Sign Up to Join the Scoreboard
Show All
Scores
Hide
Comments
May contain spoilers
Recently Published
College Basketball Coaching Resumes
by pancakes188
Sports
9m
Billboard Blitz: Fleetwood Mac
by CooCooCachoo
Music
15s
Presidents Visiting Landmarks
by Hejman
History
7m
More to Explore
Quiz From the Vault
Featured Blog Post
Where Did the Easter Bunny Come From?
hide this ad
You Might Also Like...
Tags
Anime Quiz
Show Quiz
Anime Characters
Anime Series
Bleach Anime
Character
green
Haired
Today's Top Quizzes in Television
Browse Television
hide this ad
Today's Top Quizzes in Anime
Browse Anime
Top Contributed Quizzes in Television
1
5-to-1: The Simpsons Families
2
5-to-1: Television Doctors
3
7-to-1: TV Show Settings
4
5-to-1: Streaming Originals
5
One Piece Logic Puzzle
6
Survivor Seasons
7
Survivor Logic Puzzle: Heroes vs. Villains
8
All US Survivor Seasons in Order
9
TV Shows by First Names
10
Survivor Season by Logo
Explore More
Trending Topics
NBA
Marvel
Crossword
Disney
Anime
Kpop
Harry Potter
Song
NFL
Pokémon
The Office
Puzzle
WWE
Soccer
Country
hide this ad
More By:
leami
Quiz
Plays
Rating
Category
Featured
Created
akatsuki partners
4,455
3.33
Television
Jun 1, 2017
Sensei-Student
4,038
4.29
Television
Jun 17, 2017
can you name the ninjas given the summon
2,194
5.00
Television
Jun 17, 2017
can you name the students of the sanins
1,965
4.25
Television
May 31, 2017
can you name the family members for one piece
1,634
4.50
Television
Jun 15, 2017
Go to Creator's Profile
Score Distribution
Quiz Creator Spotlight
leami
Follow
Send a Message
Quizzes Created
-
Created Quiz Play Count
-
More By This Creator
Popular Quizzes Today
1
Find the US States - No Outlines Minefield
2
Find the Countries of Europe - No Outlines Minefield
3
The Countries of the World
4
Find the US States
5
Risky Map Clicking: Biggest States A-Z
6
US States
7
Popular People in 1961
8
Movies - When Are They Set?
More Television Quizzes
4 Decades of TV Show Premieres VI
Published
Trending Quizzes
Risky Map Clicking: Least Populous States A-Z
1-10 Letter G Words
1-10 Letter F Words
Risky Map Clicking: Next State Alphabetically
Risky Map Clicking: Biggest States A-Z
Recently Updated
Leaping Animals
pecheneg
Reality TV Shows (A-Z)
bhenderson79
Rickey Henderson's Hall of Fame Teammates
pecheneg
Champions League XIs: Arsenal
pecheneg
Quick Pick: Celebrities in WWE's Hall of Fame
aduchscher
A-Z Keypad Blitz II
pecheneg
Multiple Oscar Actors
pecheneg
Mystery Phrase Blitz: Oscar 'Best Actors'
pecheneg
F. Scott Fitzgerald Novels
LTH
Pick 3 Villains
ddd62291
Trending Topics
Marvel
Kpop
NBA
Anime
Harry Potter
Disney
Crossword
Soccer
Song
WWE
NFL
Country
The Office
Puzzle
Pokémon
Your Account Isn't Verified!
In order to create a playlist on Sporcle, you need to verify the email address you used during registration. Go to your
Sporcle Settings
to finish the process.
Report this User
Report this user for behavior that violates our
Community Guidelines
.
Details:
Send Report
Go to the Sporcle.com Mobile Site →
Comments